Abstract set theory /

Guardado en:
Autor Principal: Skolem, Th. 1887-1963.
Formato: Libro
Idioma:English
Publicado: Notre Dame, Indiana : [s.n.], 1962.
Series:Notre Dame mathematical lectures ; no. 8
Etiquetas: Agregar Etiqueta
Sin Etiquetas, Sea el primero en etiquetar este registro!
LEADER 00534nam a22001695 4500
001 MAT.inmabb001929
008 840918s1962####inu###########000#0#eng#d
005 20160623112424.0
245 1 0 |a Abstract set theory /  |c by Thoralf A. Skolem. 
260 |a Notre Dame, Indiana :  |b [s.n.],  |c 1962. 
300 |a 70 p. ;  |c 23 cm. 
440 0 |a Notre Dame mathematical lectures ;  |v no. 8 
510 4 |a MR,  |c 28 #20 
100 1 |a Skolem, Th.  |q (Thoralf),  |d 1887-1963. 
084 |a 03Exx  |2 msc2000 
010 |a  63000521  
859 |h 03  |i Sk628a  |p A-3489  |b BIB. MATEMATICA